Zentralamerika: Frieden, Demokratie, Entwicklung?: politische und wirtschaftliche Perspektiven in den 90er Jahren /
Guardado en:
| Autor principal: | |
|---|---|
| Formato: | Libro |
| Lenguaje: | Germanic |
| Publicado: |
Alemania:
Vervuert,
1993
|
| Etiquetas: |
Agregar Etiqueta
Sin Etiquetas, Sea el primero en etiquetar este registro!
|
MARC
| LEADER | 00000nam a22000007a 4500 | ||
|---|---|---|---|
| 003 | cru CIDCACS/IIS | ||
| 005 | 20240712114020.0 | ||
| 008 | 240712b1993 gw ||||| |||| 00| 0 gem d | ||
| 020 | |a 3-89354-237-X | ||
| 040 | |a cru CIDCACS/IIS |b spa |c cru CIDCACS/IIS | ||
| 100 | 1 | |a Bendel, Petra |9 12277 | |
| 245 | 1 | |a Zentralamerika: Frieden, Demokratie, Entwicklung?: |b politische und wirtschaftliche Perspektiven in den 90er Jahren / |c Petra, Bendel |h [impreso] | |
| 260 | |a Alemania: |b Vervuert, |c 1993 | ||
| 300 | |a 388 páginas | ||
| 650 | 0 | 7 | |0 TESAUROS |2 TESAUROS |
| 942 | |2 z |c LI |h <script>document.querySelector('[id^="tag_090_subfield_a"]').value</script> |i 02004 |6 SCRIPTDOCUMENTQUERYSELECTORIDTAG_090_SUBFIELD_AVALUESCRIPT_02004 | ||
| 999 | |c 45918 |d 45918 | ||



